Les grands philosophes / (Record no. 39993)

MARC details
000 -LEADER
campo de control de longitud fija 00512nam a2200169 i 4500
001 - NÚMERO DE CONTROL
campo de control 39993
003 - IDENTIFICADOR DE NÚMERO DE CONTROL
campo de control ES-MaACL
005 - FECHA Y HORA DE LA ÚLTIMA TRANSACCIÓN
campo de control 20250730063058.0
007 - CAMPO FIJO DE DESCRIPCIÓN FÍSICA--INFORMACIÓN GENERAL
campo de control de longitud fija t|
008 - DATOS DE LONGITUD FIJA--INFORMACIÓN GENERAL
campo de control de longitud fija 030304s1900 fr ||||1| fre d
100 0# - ENTRADA PRINCIPAL--NOMBRE DE PERSONA
Nombre de persona Carra de Vaux, Bernard,
Títulos y otros términos asociados al nombre Baron
9 (RLIN) 35478
245 14 - MENCIÓN DEL TÍTULO
Título Les grands philosophes /
Mención de responsabilidad, etc. avicenne par le Baron Carra de Vaux.
260 ## - PUBLICACIÓN, DISTRIBUCIÓN, ETC.
Lugar de publicación, distribución, etc. Paris :
Nombre del editor, distribuidor, etc. Félix Alcan,
Fecha de publicación, distribución, etc. 1900 (
Lugar de fabricación/manufactura Mesnil :
Fabricante Firmin Didot)
300 ## - DESCRIPCIÓN FÍSICA
Extensión VII, 302 p. ;
Dimensiones 22 cm.
852 ## - LOCALIZACIÓN
Ubicación ES-MaACL
Número de control de estantería D-1644
Holdings
Estatus retirado Estado de pérdida Estado de daño No para préstamo Colección Biblioteca de origen Biblioteca actual Ubicación en estantería Fecha de adquisición Fuente de adquisición Total de préstamos Signatura topográfica completa Código de barras Visto por última vez Precio de reemplazo Tipo de ítem Koha
        Libros del s. XIX Biblioteca del Ateneo de Madrid Biblioteca del Ateneo de Madrid Sala Valle Inclán 17/01/2008     D-1644 901042110 23/02/2023 23/02/2023 Libro impreso antiguo